[Event "Steinfurt Bezirksklasse 1112"]
[Site "Germany"]
[Date "2011.10.15"]
[Round "2.7"]
[White "Kattenbeck, Leo"]
[Black "Zilske, Jan Niklas"]
[Result "0-1"]
[WhiteElo "902"]
[BlackElo "796"]
[PlyCount "136"]
[EventDate "2011.09.24"]
[EventType "team-tourn"]
[EventRounds "9"]
[EventCountry "GER"]
[SourceTitle "EXT 2013"]
[Source "ChessBase"]
[SourceDate "2012.11.22"]
[SourceVersion "1"]
[SourceVersionDate "2012.11.22"]
[SourceQuality "1"]
[WhiteTeam "Emsdetten Rochade IV"]
[BlackTeam "Reckenfeld II"]
[WhiteTeamCountry "GER"]
[BlackTeamCountry "GER"]

1. e4 e5 2. Nf3 Nc6 3. Nc3 Nf6 4. Bb5 Bb4 5. 0-0 0-0 6. Bxc6 dxc6 7. Nxe5 Qd4 8. Nf3 Qc5 9. a3 Bxc3 10. dxc3 Nxe4 11. Qe2 Bf5 12. Nh4 g5 13. Be3 Qa5 14. Nf3 Rfe8 15. Nd4 Rad8 16. Qh5 f6 17. Rad1 Qe5 18. Nf3 Qe7 19. Nd4 Bg6 20. Qh3 Qd6 21. Nf5 Qxd1 22. Bd4 Qxc2 23. Ne3 Qxb2 24. Ng4 Rd6 25. f3 Nd2 26. Nxf6+ Rxf6 27. Bxf6 Nxf1 28. Qh6 Kf7 29. Qg7+ Ke6 30. Bxg5 Qb5 31. Qf6+ Kd7 32. Qd4+ Qd5 33. Kxf1 Qxd4 34. cxd4 c5 35. dxc5 Re5 36. f4 Rxc5 37. g4 Rc4 38. h4 Bd3+ 39. Kf2 b5 40. f5 b4 41. axb4 Rxb4 42. f6 Ke8 43. Kf3 a5 44. Bd2 c5 45. h5 c4 46. Ke3 c3 47. Bxc3 Bb1 48. g5 Rb3 49. Kd2 a4 50. g6 hxg6 51. h6 g5 52. h7 Bxh7 53. Be5 g4 54. Ke2 g3 55. Kf1 a3 56. Kg2 Be4+ 57. Kh3 g2+ 58. Kg4 g1Q+ 59. Kf4 Qe3+ 60. Kg4 Qh3+ 61. Kg5 Qf5+ 62. Kh4 Qf1 63. Kg5 Rf3 64. Kg4 Qg2+ 65. Bg3 Qxg3+ 66. Kh5 Qg6+ 67. Kh4 Rf4+ 68. Kh3 Qg2# 0-1

[Event "Steinfurt Bezirksklasse 1011"]
[Site "Germany"]
[Date "2011.02.05"]
[Round "6.4"]
[White "Kattenbeck, Leo"]
[Black "Koerbel, Thomas"]
[Result "0-1"]
[WhiteElo "911"]
[BlackElo "1278"]
[PlyCount "56"]
[EventDate "2010.09.25"]
[EventType "team-tourn"]
[EventRounds "9"]
[EventCountry "GER"]
[SourceTitle "EXT 2012"]
[Source "ChessBase"]
[SourceDate "2011.11.24"]
[SourceVersion "1"]
[SourceVersionDate "2011.11.24"]
[SourceQuality "1"]
[WhiteTeam "Emsdetten Rochade IV"]
[BlackTeam "Saerbeck III"]
[WhiteTeamCountry "GER"]
[BlackTeamCountry "GER"]

1. e4 e5 2. Nf3 Nf6 3. Nc3 Bb4 4. Bc4 0-0 5. 0-0 Bxc3 6. dxc3 Nxe4 7. Nxe5 d6 8. Qe2 d5 9. Rd1 c6 10. Bd3 Nd6 11. c4 Re8 12. Bf4 f6 13. Qh5 fxe5 14. Bxe5 h6 15. Bg6 Bg4 16. Bf7+ Nxf7 17. Qxg4 Nxe5 18. Qd4 Nxc4 19. b3 Nd6 20. c4 Nd7 21. cxd5 c5 22. Qd3 Qb6 23. a4 a5 24. Re1 Rf8 25. Re7 c4 26. Qc3 Qxf2+ 27. Kh1 Qf1+ 28. Rxf1 Rxf1# 0-1

[Event "Steinfurt Bezirksklasse 1011"]
[Site "Germany"]
[Date "2010.09.25"]
[Round "1.3"]
[White "Kattenbeck, Leo"]
[Black "Hoffmann, Jens"]
[Result "0-1"]
[WhiteElo "911"]
[BlackElo "1334"]
[PlyCount "80"]
[EventDate "2010.09.25"]
[EventType "team-tourn"]
[EventRounds "9"]
[EventCountry "GER"]
[SourceTitle "EXT 2012"]
[Source "ChessBase"]
[SourceDate "2011.11.24"]
[SourceVersion "1"]
[SourceVersionDate "2011.11.24"]
[SourceQuality "1"]
[WhiteTeam "Emsdetten Rochade IV"]
[BlackTeam "Emsdetten Turm IV"]
[WhiteTeamCountry "GER"]
[BlackTeamCountry "GER"]

1. e4 d6 2. Nc3 Nf6 3. Nf3 Bg4 4. Bb5+ c6 5. Bc4 b5 6. Bb3 Nbd7 7. 0-0 g6 8. d3 Bxf3 9. Qxf3 Bg7 10. Bd2 0-0 11. d4 a5 12. a4 b4 13. Na2 c5 14. c3 bxc3 15. Bxc3 Qb6 16. Qd1 Nxe4 17. Bd5 Nxc3 18. bxc3 Rab8 19. Qd3 cxd4 20. Rab1 Qc5 21. Rb5 Rxb5 22. axb5 Qxd5 23. c4 Qc5 24. Re1 Ne5 25. Qb3 Nxc4 26. Rc1 Rc8 27. Qc2 Qxb5 28. Qe2 e5 29. Qg4 f5 30. Qg5 Kf7 31. Qg3 Bh6 32. Qh3 Bxc1 33. Qxh7+ Kf6 34. Nxc1 Qb1 35. Qh6 Ne3 36. fxe3 Rxc1+ 37. Kf2 dxe3+ 38. Kxe3 Qe4+ 39. Kd2 Rc2+ 40. Kd1 Qe2# 0-1